MARC

LEADER 00000nam0a2200000 4500
001 169558
005 20231031163449.0
035 |a (RuTPU)RU\TPU\book\183919 
090 |a 169558 
100 |a 20091114d1964 m y0rusy50 ca 
101 0 |a rus 
102 |a RU 
105 |a a z 001zy 
200 1 |a Вторичные схемы электрических станций и подстанций  |f И. Я. Гумин, М. И. Гумин, В. Ф. Устинов 
205 |a 2-е изд., доп. и перераб. 
210 |a Москва  |a Ленинград  |c Энергия  |d 1964 
215 |a 176 с.  |c ил. 
320 |a Библиография в конце книги. 
610 1 |a электрические станции 
610 1 |a электрические подстанции 
610 1 |a вторичные схемы 
610 1 |a построение 
610 1 |a дистанционное управление 
610 1 |a организация 
610 1 |a схемы сигнализации 
610 1 |a вторичные цепи 
610 1 |a питание 
610 1 |a защита 
610 1 |a монтажные схемы 
610 1 |a провода 
610 1 |a кабели 
675 |a 621.311  |v 3 
675 |a 621.316.26  |v 3 
700 1 |a Гумин  |b И. Я.  |g Иосиф Яковлевич 
701 1 |a Гумин  |b М. И.  |g Михаил Иосифович 
701 1 |a Устинов  |b В. Ф.  |g Владимир Федорович 
801 1 |a RU  |b 63413507  |c 20091114 
801 2 |a RU  |b 63413507  |c 20091123  |g RCR 
942 |c BK